000 00617nam a2200217 a 4500
001 BRL_639
005 20190320210830.0
008 170913s1957----nyu#######---#000-1#eng-#
041 _aeng
044 _anyu
050 4 _aPZ3
_b.G373 1957
100 1 _aGardner, Erle Stanley
_d1889-1970
_910568
245 1 0 _aThe case of the Runaway Corpse
_cErle Stanley Gardner.
260 _aNew York
_bPocket Books
_c1957
300 _a194 p.
_c16 cm.
500 _aEstado físico: hojas del libro desprendidas de su encuadernación
500 _aAu692
650 1 4 _aNovela policiaca
_923905
902 _aGRL
942 _2lcc
_cB
999 _c9451
_d9451